Global Sourcing in the textile and apparel industry.
| Main Author: | |
|---|---|
| Format: | Book |
| Published: |
Boston:
Pearson,
2015.
|
| Subjects: |
| LEADER | 00536cam a2200181 7i4500 | ||
|---|---|---|---|
| 001 | 0000032526 | ||
| 005 | 20160121090000.0 | ||
| 020 | 0 | 0 | |a 978-0-13-297462-2 |
| 090 | 0 | 0 | |a I 677 |b GLO |
| 100 | 1 | 0 | |a Ha-Brookshire, Jung |
| 245 | 0 | 0 | |a Global Sourcing in the textile and apparel industry. |
| 260 | 0 | 0 | |a Boston: |b Pearson, |c 2015. |
| 300 | # | # | |a ix, 238 p ;; |c 28 cm. |
| 650 | 0 | 0 | |a Textile industry. |
| 650 | 0 | 0 | |a Clothing trade. |
| 650 | 0 | 0 | |a Business logistics. |
| 650 | 0 | 0 | |a Imports. |
| 999 | |a B000036661 |b Book |c International |e Business Information Centre | ||


